[Event "BEL-ch U18"]
[Site "Blankenberge"]
[Date "2015.04.16"]
[Round "7"]
[White "Snoeks, Pieter Jan"]
[Black "Chimakadze, Giorgi"]
[Result "1-0"]
[WhiteElo "1782"]
[BlackElo "1571"]
[PlyCount "105"]
[EventDate "2015.04.12"]
[EventType "swiss"]
[EventRounds "9"]
[EventCountry "BEL"]
[SourceTitle "CBM 166 Extra"]
[Source "ChessBase"]
[SourceDate "2015.06.18"]
[SourceVersion "1"]
[SourceVersionDate "2015.06.18"]
[SourceQuality "1"]

1. d4 c5 2. c3 cxd4 3. cxd4 Nf6 4. Nc3 d5 5. Nf3 Nc6 6. e3 e6 7. Bb5 Bd7 8. 0-0 Rc8 9. Bd2 Bd6 10. Qe2 0-0 11. e4 dxe4 12. Nxe4 Nxe4 13. Qxe4 Ne7 14. Bd3 Ng6 15. Rfc1 Bc6 16. Qe2 Bxf3 17. Qxf3 Qd7 18. g3 Rxc1+ 19. Rxc1 Rc8 20. Bc3 Bb4 21. h4 Bxc3 22. bxc3 Ne7 23. Rb1 b6 24. Ba6 Qc6 25. Qxc6 Rxc6 26. c4 g6 27. Bb5 Rc7 28. a4 Nc8 29. Rc1 Nd6 30. Kf1 Nxb5 31. axb5 Kf8 32. Ke2 Ke7 33. Kd3 Kd6 34. Re1 Rc8 35. f4 h5 36. Ra1 Rc7 37. Ra6 Kd7 38. Kc3 Kd6 39. Kb4 Rb7 40. Ra1 Rc7 41. Rc1 Kd7 42. c5 bxc5+ 43. dxc5 Kc8 44. Rd1 Rd7 45. Rxd7 Kxd7 46. Ka5 Kc7 47. Ka6 Kb8 48. b6 axb6 49. Kxb6 Kc8 50. Kc6 f6 51. Kd6 e5 52. fxe5 fxe5 53. Kxe5 1-0

[Event "BEL-ch U18"]
[Site "Blankenberge"]
[Date "2015.04.13"]
[Round "3"]
[White "Maes, Tibo"]
[Black "Chimakadze, Giorgi"]
[Result "1-0"]
[WhiteElo "2004"]
[BlackElo "1571"]
[PlyCount "77"]
[EventDate "2015.04.12"]
[EventType "swiss"]
[EventRounds "9"]
[EventCountry "BEL"]
[SourceTitle "CBM 166 Extra"]
[Source "ChessBase"]
[SourceDate "2015.06.18"]
[SourceVersion "1"]
[SourceVersionDate "2015.06.18"]
[SourceQuality "1"]

1. e4 c5 2. d4 cxd4 3. c3 dxc3 4. Nxc3 Nc6 5. Nf3 e6 6. Bc4 a6 7. 0-0 h6 8. Qe2 Qc7 9. Rd1 Qb8 10. Nd5 b5 11. Bb3 Bc5 12. Bf4 e5 13. Be3 Ba7 14. Rac1 Nge7 15. Bxa7 Rxa7 16. Qe3 d6 17. Nxe7 Nxe7 18. Rxd6 Qxd6 19. Qxa7 0-0 20. Qc7 Qxc7 21. Rxc7 Ng6 22. Bxf7+ Rxf7 23. Rxc8+ Kh7 24. Rc6 Rf6 25. Rxf6 gxf6 26. Kf1 Nf4 27. Ne1 Kg7 28. g3 Ne6 29. Nd3 a5 30. f4 exf4 31. gxf4 Nd4 32. Kf2 Kf7 33. e5 Ke6 34. Ke3 fxe5 35. fxe5 Nc6 36. Ke4 Nb4 37. Nxb4 axb4 38. b3 h5 39. h4 1-0